| 000 | 00769cam a2200277 4500 | ||
|---|---|---|---|
| 001 | 20297 | ||
| 003 | BD-RjUL | ||
| 005 | 20211209000539.0 | ||
| 008 | 140227s1973 enkabc 001 0 eng d | ||
| 020 | _a0340169729 | ||
| 035 | _a(BD-RjUL)20359 | ||
| 040 |
_aDLC _cDLC _dDLC _dBD-RjUL _beng |
||
| 041 | _aeng | ||
| 082 | 0 | 0 |
_a915.496 _bBOE 1973 |
| 100 | 1 |
_aBonington, Chris. _962560 |
|
| 245 | 1 | 0 |
_aEverest, south west face / _cby Chris Bonington. |
| 260 |
_aLondon : _bHodder and Stoughton, _c1973. |
||
| 300 |
_a352 p. : _billus. ; _c25 cm. |
||
| 350 | _a£3.95 | ||
| 500 | _aIncludes index. | ||
| 650 | 0 |
_aMountaineering. _962561 |
|
| 651 | 0 |
_aEverest, Mount (China and Nepal) _935381 |
|
| 942 |
_2ddc _cBK |
||
| 999 |
_c20297 _d20297 |
||